Normal view
MARC view
Entry Topical Term
001 - CONTROL NUMBER
- control field: 55311
003 - CONTROL NUMBER IDENTIFIER
- control field: OSt
005 - DATE AND TIME OF LATEST TRANSACTION
- control field: 20241119092601.0
008 - FIXED-LENGTH DATA ELEMENTS
- fixed length control field: 241119|| aca||aabn | a|a d
040 ## - CATALOGING SOURCE
- Original cataloging agency: OSt
- Transcribing agency: OSt
150 ## - HEADING--TOPICAL TERM
- Topical term or geographic name entry element: ဗုဒ္ဓဘာသာ
- General subdivision: ဆောင်ပုဒ်များ
670 ## - SOURCE DATA FOUND
- Source citation: Work cat.: (OSt)16816: ဓမ္မဒေသနာဖြန့်ချီရေးအဖွဲ့ 17399, မဟာစည်ဓမ္မဒေသနာဆောင်ပုဒ်များ /, ၁၉၆၈။